<?xml version="1.0" encoding="UTF-8"?>
<collection xmlns="http://www.loc.gov/MARC21/slim">
 <record>
  <leader>01046nam a22002175a 4500</leader>
  <controlfield tag="001">CEM.cems021045</controlfield>
  <controlfield tag="008">240418s2000####sp############000#0#und#d</controlfield>
  <controlfield tag="005">20240418140532.0</controlfield>
  <datafield tag="245" ind1="1" ind2="0">
   <subfield code="a">El Corsario Negro /</subfield>
   <subfield code="c">Emilio Salgari ; ilustrado por Ariel Olivetti ; adaptado por Miguel A. Palermo.</subfield>
  </datafield>
  <datafield tag="260" ind1=" " ind2=" ">
   <subfield code="a">Barcelona :</subfield>
   <subfield code="b">Arte Gráfico,</subfield>
   <subfield code="c">2000.</subfield>
  </datafield>
  <datafield tag="300" ind1=" " ind2=" ">
   <subfield code="a">46 p.</subfield>
  </datafield>
  <datafield tag="490" ind1="1" ind2=" ">
   <subfield code="a">Grandes clásicos - Genios ;</subfield>
   <subfield code="v">25</subfield>
  </datafield>
  <datafield tag="520" ind1=" " ind2=" ">
   <subfield code="a">Como Sandokán, el Corsario Negro es un gran vengador de los mares. Pero esta vez, la fantasía de Emilio Salgari se mueve en el Caribe, en el siglo XVII, entre los abordajes en el mar y las grandes batallas que libraron los filibusteros contra los españoles. En medio de esta historia tenebrosa hay también un amor imposible.</subfield>
  </datafield>
  <datafield tag="020" ind1=" " ind2=" ">
   <subfield code="a">9507820833</subfield>
  </datafield>
  <datafield tag="100" ind1="1" ind2=" ">
   <subfield code="a">Salgari, Emilio.</subfield>
  </datafield>
  <datafield tag="700" ind1="1" ind2=" ">
   <subfield code="a">Olivetti, Ariel; il.</subfield>
  </datafield>
  <datafield tag="700" ind1="1" ind2=" ">
   <subfield code="a">Palermo, Miguel A.; adapt.</subfield>
  </datafield>
  <datafield tag="653" ind1=" " ind2=" ">
   <subfield code="a">Novela juvenil</subfield>
  </datafield>
  <datafield tag="653" ind1=" " ind2=" ">
   <subfield code="a">Literatura juvenil</subfield>
  </datafield>
  <datafield tag="653" ind1=" " ind2=" ">
   <subfield code="a">Literatura italiana</subfield>
  </datafield>
  <datafield tag="859" ind1=" " ind2=" ">
   <subfield code="a">CEMS</subfield>
   <subfield code="b">BIB. CEMS - Inicial y Primaria</subfield>
   <subfield code="h">853.9</subfield>
   <subfield code="i">Sa329-2</subfield>
   <subfield code="k">IP</subfield>
   <subfield code="p">6547</subfield>
   <subfield code="t">Ej.1</subfield>
  </datafield>
 </record>
</collection>
